| 000 | 00994cam a22003014a 4500 | ||
|---|---|---|---|
| 001 | 16987006 | ||
| 005 | 20170105102344.0 | ||
| 008 | 111003s2013 njua b 001 0 eng | ||
| 010 | _a 2011038659 | ||
| 020 | _a9780132915380 (alk. paper) | ||
| 020 | _a0132915383 (alk. paper) | ||
| 035 | _a(OCoLC)ocn755904467 | ||
| 040 |
_aDLC _cDLC _dYDX _dYDXCP _dDLC |
||
| 042 | _apcc | ||
| 050 | 0 | 0 |
_aTK5101 _b.C69 2013 |
| 082 | 0 | 0 |
_a621.382 _223 |
| 100 | 1 | _aCouch, Leon W. | |
| 245 | 1 | 0 |
_aDigital and analog communication systems _cLeon W. Couch, |
| 250 | _a8th ed. | ||
| 260 |
_aUpper Saddle River, N.J. : _bPearson, _cc2013. |
||
| 300 |
_axxi, 762 p. : _bill. ; _c24 cm. |
||
| 504 | _aIncludes bibliographical references and index. | ||
| 650 | 0 | _aTelecommunication systems. | |
| 650 | 0 | _aDigital communications. | |
| 906 |
_a7 _bcbc _corignew _d1 _eecip _f20 _gy-gencatlg |
||
| 942 |
_2ddc _cBK |
||
| 999 |
_c11600 _d11600 |
||